Les films de Tom Hanks - Statistiques

Statistiques générales
  • Ce quiz a été pris 636 fois
  • Le résultat moyen est 9 sur 50
Statistiques - réponses
Hint Réponse % Correct
1994 Forrest Gump
90%
2000 Seul au monde
72%
1999 La Ligne Verte
66%
1998 Il faut sauver le soldat Ryan
60%
2004 Le Terminal
56%
1993 Philadelphia
52%
2002 Arrête-moi si tu peux
47%
2016 Sully
46%
2006 Da Vinci Code
45%
1988 Big
40%
2009 Anges et Démons
26%
2015 Le Pont des espions
26%
2016 Inferno
25%
1995 Toy Story
25%
1995 Apollo 13
23%
2004 Le Pôle express
21%
1984 Splash
21%
1999 Toy Story 2
21%
2010 Toy Story 3
21%
1998 Vous avez un message
21%
2013 Capitaine Phillips
20%
1993 Nuits blanches à Seattle
16%
2002 Les Sentiers de la perdition
15%
2012 Cloud Atlas
9%
1989 Turner et Hooch
9%
2004 Ladykillers
8%
2017 The Circle
8%
2013 Dans l'ombre de Mary
7%
2011 Il n'est jamais trop tard
5%
1990 Le Bûcher des vanités
5%
1989 Les Banlieusards
5%
2007 La Guerre selon Charlie Wilson
4%
1986 Une baraque à tout casser
4%
1987 Dragnet
2%
2011 Extrêmement fort et incroyablement près
2%
1980 Noces sanglantes
2%
1996 That Thing You Do!
2%
1992 Une équipe hors du commun
2%
2016 A Hologram for the King
1%
1990 Joe contre le volcan
1%
1988 Le Mot de la fin
1%
1984 Le Palace en délire
1%
2007 Les Simpson, le film
1%
1985 L'Homme à la chaussure rouge
1%
2008 Mister Showman
1%
1986 Rien en commun
1%
1986 Every Time We Say Goodbye
0%
2015 Ithaca
0%
2009 Max et les Maximonstres
0%
1982 Monstres du labyrinthe
0%
Aucun quiz correspondant
Distribution des résultats
% des personnes avec chaque résultat
Percentile par nombre de réponses
Votre historique - résultats
Vous n’avez pas pris ce quiz